[Event "Seville op 42nd"]
[Site "Seville"]
[Date "2017.01.13"]
[Round "1"]
[White "Fernandez Robles, David"]
[Black "Fernandez Romero, Ernesto"]
[Result "0-1"]
[WhiteElo "1828"]
[BlackElo "2473"]
[PlyCount "63"]
[EventDate "2017.01.13"]
[EventType "swiss"]
[EventRounds "9"]
[EventCountry "ESP"]
[SourceTitle "EXT 2019"]
[Source "ChessBase"]
[SourceDate "2018.10.10"]
[SourceVersion "1"]
[SourceVersionDate "2018.10.10"]
[SourceQuality "1"]

1. d4 Nf6 2. Nf3 b6 3. Bf4 Bb7 4. e3 g6 5. c4 Bg7 6. Nc3 0-0 7. Bd3 d6 8. 0-0 Nbd7 9. h3 Re8 10. d5 e5 11. Bg5 h6 12. Bxf6 Nxf6 13. Qc2 Bc8 14. b4 a5 15. Rab1 axb4 16. Rxb4 Nd7 17. Nb5 f5 18. Be2 Nc5 19. Nd2 Rf8 20. f3 Rf7 21. Nb3 Qg5 22. f4 Qg3 23. Qc1 Rxa2 24. Rf3 Qh4 25. Nc3 Nxb3 26. Rxb3 Ra5 27. Nb5 g5 28. fxg5 hxg5 29. Qf1 e4 30. Rf2 Be5 31. Qc1 Qg3 32. Bd1 0-1

[Event "Seville op 41st"]
[Site "Seville"]
[Date "2016.01.08"]
[Round "1"]
[White "Fernandez Robles, David"]
[Black "Perez Mitjans, Orelvis"]
[Result "0-1"]
[WhiteElo "1801"]
[BlackElo "2455"]
[PlyCount "56"]
[EventDate "2016.01.08"]
[EventType "swiss"]
[EventRounds "9"]
[EventCountry "ESP"]
[SourceTitle "CBM 170 Extra"]
[Source "ChessBase"]
[SourceDate "2016.02.25"]
[SourceVersion "1"]
[SourceVersionDate "2016.02.25"]
[SourceQuality "1"]

1. e4 d5 2. exd5 Qxd5 3. Nc3 Qa5 4. d4 Nf6 5. Nf3 Bg4 6. Be2 Nc6 7. 0-0 0-0-0 8. Be3 e5 9. d5 Nxd5 10. Nxd5 Rxd5 11. Qe1 Qxe1 12. Rfxe1 Nb4 13. Bc4 Bxf3 14. gxf3 Rd7 15. Rac1 a6 16. f4 exf4 17. Bxf4 Bc5 18. a3 Nc6 19. c3 g5 20. Bg3 h5 21. h4 gxh4 22. Bxh4 Kb8 23. Rcd1 Rxd1 24. Rxd1 Rg8+ 25. Kf1 Rg4 26. Bxf7 Rxh4 27. Rd5 Bxf2 28. Kxf2 Rf4+ 0-1